Odpisy a opravné položky dlhodobého hmotného a nehmotného majetku

Príklady odpisov dlhodobého hmotného a nehmotného majetku: geometricky progresívne odpisy, aritmeticky progresívne odpisy, geometricky degresívne odpisy, aritmeticky degresívne odpisy. Komponentné odpisovanie. Technické zhodnotenie. Jednorazový odpis. Opravné položky k dlhodobému hmotnému a nehmotné...

Ausführliche Beschreibung

Gespeichert in:
Bibliographische Detailangaben
1. Verfasser: Kubaščíková, Zuzana, 1982-
Format: Buchkapitel
Sprache:Slowakisch
Schlagworte:
Tags: Tag hinzufügen
Keine Tags, Fügen Sie das erste Tag hinzu!

MARC

LEADER 00000naa a2200000 4500
001 0172072
005 20240502072941.8
041 0 |a slo 
044 |a SK 
245 1 0 |a Odpisy a opravné položky dlhodobého hmotného a nehmotného majetku  |c Zuzana Kubaščíková 
520 |a Príklady odpisov dlhodobého hmotného a nehmotného majetku: geometricky progresívne odpisy, aritmeticky progresívne odpisy, geometricky degresívne odpisy, aritmeticky degresívne odpisy. Komponentné odpisovanie. Technické zhodnotenie. Jednorazový odpis. Opravné položky k dlhodobému hmotnému a nehmotnému majetku. 
610 2 0 |a účtovníctvo 
610 2 0 |a odpisy účtovné 
610 2 0 |a majetok hmotný 
610 2 0 |a majetok nehmotný 
610 2 0 |a majetok dlhodobý 
610 2 0 |a položky opravné 
100 1 |a Kubaščíková, Zuzana, 1982-